Estadísticas para Escudos del Comunidades Autónomas de España

Haz click aquí para intentar la prueba.

Estadísticas generales

  • Esta prueba ha sido intentada 155 veces
  • La puntuación promedio es 13 de 19

Estadísticas de respuestas

Respuesta% Correcto
Andalucía
88%
Asturias
88%
Madrid
87%
Castilla y León
86%
Murcia
85%
Cataluña
81%
Navarra
81%
Comunidad Valenciana
77%
Galicia
75%
Castilla-La Mancha
71%
Canarias
67%
Islas Baleares
64%
Aragón
63%
Cantabria
55%
Ceuta
53%
País Vasco
52%
La Rioja
51%
Extremadura
45%
Melilla
43%

Distribución de puntuación

Porcentaje por número respondido

Porcentaje de gente con cada puntuación

Historial de tus puntuaciones

No has intentado esta prueba.